000 00599nam a2200181Ia 4500
005 20250423095915.0
008 250422s9999 xx 000 0 und d
020 _a9789789468973
050 _aPN 5499.N5 .J68/
100 _aIsola, Olusola O.
245 0 _aJournalism practice and terrorism in Nigeria : issues, trends and techniques
260 _aIbadan
260 _bJohn Archers
260 _c2015
300 _a306 p
650 _a Journalism--Political aspects--Nigeria. Terrorism--Press coverage. Political violence--Press coverage. Journalistic ethics.
942 _cBK
999 _c31696
_d31696